LDR 00680naa#a2200193#i#450# 001 EN\INFRA-M\bibl\116344 005 20260413085804.1 011 ## _a2306-627X 100 ## _a20260303b2026####ek#y0engy0150####ca 102 ## _aRU 200 1# _aThe Greenwashing Phenomenon in Russian Marketing: a Study of Consumer Perceptions and Regulatory Prospects _eJournal article 210 1# _aMoscow _cINFRA-M Academic Publishing LLC. _d2026 215 ## _a9 с. 608 ## _aJournal article _2local 675 ## _aОсобые области экономической политики. 338.23 _z 700 #1 _aBatueva _gIrina Alekseevna 700 #1 _aZaharova _gA. S. 700 #1 _aShlykova _gA. A. 856 4# _azh-szf.ru _u